000 00584nam a2200253Ia 4500
008 210210b2016 xxu||||| |||| 00| 0 eng d
020 _a9789350121313
041 _aeng
082 _a530.02 GUPI
100 _aGUPTA (R)
245 _aIIT JAM: joint admission test for MSc Physics
260 _aNew Delhi
_bRamesh publishing house
_c2016
300 _aiv,76
650 _atest
650 _aPhysics
650 _aMSc
650 _ajoint
650 _aJAM:
650 _aIIT
650 _afor
650 _aadmission
690 _aPhysics Entrance
906 _a071324
999 _c120649
_d120649